banner-ar

محاسبة النفس ويليه كشف الريبة عن احكام الغيبة / (Record no. 54750)

MARC details
000 -الفاتح
حقل البيانات ثابتة الطول 01065nam a2200229Ia 4500
005 - وقت وتاريخ اخر تعامل مع التسجيلة
رقم الضبط 20240530105312.0
008 - عناصر البيانات ثابتة الطول - معلومات عامة
حقل البيانات ثابتة الطول 140319s9999 xx 000 0 ara d
040 ## - مصدر الفهرسة
وكالة الفهرسة الأصلية GCL /
وكالة النسخ GCL
082 04 - رقم تصنيف ديوى العشرى
رقم التصنيف 231.5
رقم المادة ك م
100 1# - المدخل الرئيسى - إسم شخصى
الإسم الشخصى الكفعمى : تقى الدين ابراهيم بن على بن الحسن الحارثى العاملى
245 10 - بيان العنوان
العنوان محاسبة النفس ويليه كشف الريبة عن احكام الغيبة /
بيان المسئوليه,etc الكفعمى : تقى الدين ابراهيم بن على بن الحسن الحارثى العاملى
260 ## - PUBLICATION, DISTRIBUTION, ETC. (IMPRINT)
تاريخ النشر أو التوزيع 1988
300 ## - الوصف المادى
التعداد 330 ص ؛
أبعاد الوعاء 19 سم
650 04 - المدخل الاضافى بالموضوع-مصطلح موضوعى
مصطلح موضوعي الاسلام
650 04 - المدخل الاضافى بالموضوع-مصطلح موضوعى
مصطلح موضوعي الاحاديث النبوية
650 04 - المدخل الاضافى بالموضوع-مصطلح موضوعى
مصطلح موضوعي القران - احكام
700 1# - المدخل الاضافى - اسم شخصى
الإسم الشخصى تقى الدين ابراهيم بن على العام
700 1# - المدخل الاضافى - اسم شخصى
الإسم الشخصى ابن طاووس البغدادى : رضى الدين على بن موسى بن جعفر بن طاووس الحسنى
700 1# - المدخل الاضافى - اسم شخصى
الإسم الشخصى محمد حسين الطباطبائى (تقديم)
942 ## - عناصر المدخل الإضافي( كوها)
مصدر التصنيف او مخطط الترفيف Dewey Decimal Classification
Koha [default] item type كتاب
260 ## - PUBLICATION, DISTRIBUTION, ETC. (IMPRINT)
-- بيروت :
-- دار الحوراء ،
Holdings
حالة التراجع حالة الفقد حالة تلف ليس للاعارة المكان المؤقت الموقع الحالى تاريخ الاكتساب اجمالي اﻻعارات رقم الطلب الباركود تاريخ اخر مشاهدة تاريخ تفعيل السعر نوع وعاء كوها
        مكتبة القاهرة الكبرى مكتبة القاهرة الكبرى 03/26/2014   231.5\ك م 131613 03/26/2014 03/26/2014 كتاب
        مكتبة القاهرة الكبرى مكتبة القاهرة الكبرى 03/26/2014   231.5\ك م 131614 03/26/2014 03/26/2014 كتاب
        مكتبة القاهرة الكبرى مكتبة القاهرة الكبرى 03/26/2014   231.5\ك م 131615 03/26/2014 03/26/2014 كتاب

Powered By

EGPV